Aj v zime kvitnú kvety

Bibliographic Details
Main Author: Tokárová, L. (Author)
Format: Article
Language:Slovak
PhysicalDescription:Obr. 2
ISSN:0862-5565
Subjects:

MARC

LEADER 00000nab a2200000 a 4500
001 vtls000476064
003 SK-MaSNL
005 20260303123334.0
008 120927c1992 xo 0 slo
015 |a SNBRB19rr/mm-uuuuu 
035 |a CL0476198 
040 |a SNKBUCL  |b slo  |c SNKBUCL  |e AACR2 
041 0 |a slo 
044 |a xo  |c SK 
080 |a 635.914  |2 1981 
100 1 |a Tokárová, L.  |4 aut  |9 786565 
245 1 0 |a Aj v zime kvitnú kvety  |c L. Tokárová 
300 |b Obr. 2 
650 0 7 |a izbové rastliny  |2 snkbucl  |9 1079 
655 7 |a články z novín a časopisov  |2 snkbucl  |9 267496 
773 0 |t Záhradkár  |g Roč. 28, č. 12 (1992), s. 284  |x 0862-5565 
850 |a Slovenská národná knižnica v Martine  |a MTA001 
852 |a SNK  |b KIS3GCP 
958 |a RK 
992 |a RBX 
999 |c 1925376  |d 1927306